000 00382nam a22001697a 4500
003 MPLRDC
005 20220104124115.0
008 210129b ||||| |||| 00| 0 eng d
082 _a868.71 LXL
100 _a林雪乐
245 _a玫瑰叶
_c
250 _a初版
260 _a
_b文采出版社
_c1986
300 _b
650 _a马华文学
942 _cBK
_o868.71 LXL
999 _c16700
_d16690